<?xml version="1.0" encoding="UTF-8"?>
<collection xmlns="http://www.loc.gov/MARC21/slim">
  <record>
    <leader>00000nam  2200000   4500</leader>
    <controlfield tag="001">INLIS000000000010850</controlfield>
    <controlfield tag="005">20210608033117</controlfield>
    <datafield tag="035" ind1="#" ind2="#">
      <subfield code="a">0010-0621000071</subfield>
    </datafield>
    <datafield tag="245" ind1="1" ind2="#">
      <subfield code="a">PENYUSUNAN DOKUMEN MUTU UNTUK PROSES PEMBELAJARAN PRODI STUDI FISIKA JURUSAN SAINS TEKNOLOGI PANGAN DAN KEMARITIMAN INSTITUT TEKNOLOGI KALIMANTAN /</subfield>
      <subfield code="c">Rahmania</subfield>
    </datafield>
    <datafield tag="100" ind1=" " ind2="#">
      <subfield code="a">RAHMANIA</subfield>
    </datafield>
    <datafield tag="250" ind1="#" ind2="#">
      <subfield code="a">1</subfield>
    </datafield>
    <datafield tag="300" ind1="#" ind2="#">
      <subfield code="a">94 halaman ; lampiran :</subfield>
      <subfield code="b">ilustrasi ;</subfield>
      <subfield code="c">30 cm</subfield>
    </datafield>
    <datafield tag="260" ind1="#" ind2="#">
      <subfield code="a">Samarinda :</subfield>
      <subfield code="b">Puslatbang KDOD,</subfield>
      <subfield code="c">2020</subfield>
    </datafield>
    <datafield tag="084" ind1="#" ind2="#">
      <subfield code="a">LATSAR 522 2020</subfield>
    </datafield>
    <datafield tag="650" ind1="#" ind2="#">
      <subfield code="a">Pelatihan Dasar</subfield>
    </datafield>
    <datafield tag="650" ind1="#" ind2="#">
      <subfield code="a">Laporan Aktualisasi</subfield>
    </datafield>
    <datafield tag="650" ind1="#" ind2="#">
      <subfield code="a">teknologi informasi</subfield>
    </datafield>
    <datafield tag="650" ind1="#" ind2="#">
      <subfield code="a">kebijakan pendidikan</subfield>
    </datafield>
    <datafield tag="650" ind1="#" ind2="#">
      <subfield code="a">standar pendidikan</subfield>
    </datafield>
    <datafield tag="650" ind1="#" ind2="#">
      <subfield code="a">perguruan tinggi</subfield>
    </datafield>
    <datafield tag="520" ind1="#" ind2="#">
      <subfield code="a">Laporan Aktualisasi Pelatihan Dasar ini didasarkan pada belum tersinkronnya dokumen mutu dengan permendikbud tentang SN DIKTI pada kebijakan kampus merdeka dan merdeka belajar, sehingga dibuat lima kegiatan berdasarkan nilai ANEKA (Akuntabilitas, Nasionalisme, Etika public, Komitmen Mutu dan Anti korupsi), yaitu: melakukan kajian SN DIKTI, aturan BAN-PT tahun 2020, dan Sistem Akreditasi Internasional sebagai pembanding, melakukan kajian dokumen mutu proses pembelajaran, melakukan pembearuan dokumen mutu, membuat formular dan SOP untuk proses pembelajaran, finalisasi dokumen mutu proses pembelajaran. Kegiatan ini dilaksanakan dari tanggal 27 Juli 2020-25 September 2020</subfield>
    </datafield>
    <datafield tag="500" ind1="#" ind2="#">
      <subfield code="a">Coach : IKA RETNA NINGRUM, S.Pd.MPP&#13;
Penguji : M. Abdi Rahman, S.Sos., M.Si&#13;
Mentor : Nurul Widiastuti, S.Si., M.Si.,PhD</subfield>
    </datafield>
    <datafield tag="990" ind1="#" ind2="#">
      <subfield code="a">LATSAR/522/2020</subfield>
    </datafield>
  </record>
</collection>
